00353nam a2200157Ia 45000010006000000050017000060080041000230410008000640820013000721000028000852450030001132600009001433000027001526500008001796540008001871975520260306172716.0260306t2009||||xx |||||||||||||| ||spa|| aESP a341bS83 aStreck, Lenio LuiseAUT 0aHermenéutica jurídica c2009 a85 páginas :c24 cm. aGEN aCDE